00913nam a22002297a 4500003000500000005001700005008004100022010001100063011001100074035001100085040000900096100004600105245014200151260004000293500006000333502012000393650003000513650002200543650003500565650001900600856006400619CHAP20220329143750.0110728s2011 mx r 00010 spa d a101634 a102606 a113295 cCHAP1 aMárquez Hernández, Christofer Israel.10aSomatotropina bovina recombinante y viabilidad de embriones bovinos divididosh[En línea]c/por Christofer Israel Márquez Hernández aChapingo, Méx. :bEl autor,c2011 aPara ver el contenido del material haga clic en la liga aTesis (M.C. en Innovación Ganadera) -- UACH. Departamento de Enseñanza, Investigación y Servicio en Zootecnia14aEmbrionesxTransferencia.14aGanado Charolais.14aGanado vacunoxMéxico (Edo.)14aSomatotropina. 3Finding aiduhttp://10.13.5.2/tesis/113295.pdfzTeclea aqui